| 000 | 00325cam a22001217a 4500 | ||
|---|---|---|---|
| 008 | 180718b1966 xxu||||| |||| 00| 0 eng d | ||
| 082 | _aB253 L587 | ||
| 100 | _aLewis, J.R. | ||
| 245 |
_aDemocracy: the theory and the practice _cby J.R. Lewis |
||
| 260 |
_aLondon _bAllman & Sons _c1966 |
||
| 300 | _a224p | ||
| 650 | _aDemocracy. | ||
| 999 |
_c420740 _d420740 |
||